000 00615pam a2200205 a 4500
001 2487427
005 20250402182835.0
008 910626s1991 njua b 001 0 eng
020 _a0133880591
050 0 0 _aHF5668.25
_b.W35 1991
082 0 0 _a658.15/4
_220
100 1 _aWallace, Wanda A.,
_d1953-
245 1 0 _aHandbook of internal accounting controls /
_cWanda A. Wallace.
250 _a2nd ed.
260 _aEnglewood Cliffs, N.J. :
_bPrentice-Hall,
_cc1991.
300 _alxi, 1068 p. :
_bill. ;
_c29 cm.
650 0 _aAuditing, Internal.
650 0 _aManagerial accounting.
942 _2lcc
_cBK
_e2nd Ed.
_n0
999 _c5342
_d5342